| 000 | 01247cam a2200313 a 4500 | ||
|---|---|---|---|
| 999 |
_c41821 _d41821 |
||
| 001 | 12082985 | ||
| 003 | OSt | ||
| 005 | 20221115102748.0 | ||
| 008 | 000627s2000 cau 001 0 eng | ||
| 010 | _a 00269273 | ||
| 020 | _a9780070411838 | ||
| 020 | _a0072121246 | ||
| 040 |
_aDLC _cDLC _dDLC |
||
| 050 | 0 | 0 |
_aQA76.73.C15 _bS353 2000 |
| 082 | 0 | 0 |
_a005.133 _221 _bSCH/C |
| 100 | 1 | _aSchildt, Herbert. | |
| 245 | 1 | 0 |
_aC, the complete reference / _cHerbert Schildt. |
| 250 | _a4th ed. | ||
| 260 |
_aBerkeley : _bOsborne/McGraw-Hill, _cc2000. |
||
| 300 |
_axxvi, 805 p. ; _c24 cm. |
||
| 650 | 0 | _aC (Computer program language) | |
| 650 | 0 | _aC++ (Computer program language) | |
| 856 | 4 | 2 |
_3Contributor biographical information _uhttp://www.loc.gov/catdir/bios/mh042/00269273.html |
| 856 | 4 | 2 |
_3Publisher description _uhttp://www.loc.gov/catdir/description/mh021/00269273.html |
| 856 | 4 | 1 |
_3Table of contents _uhttp://www.loc.gov/catdir/toc/mh021/00269273.html |
| 906 |
_a7 _bcbc _corigcop _d2 _encip _f20 _gy-gencatlg |
||
| 942 |
_2ddc _cBK _h005.133 _iSCH/C _k005.133 _mSCH/C |
||